| 000 | 00392nam a22001457a 4500 | ||
|---|---|---|---|
| 003 | OSt | ||
| 005 | 20160727222341.0 | ||
| 008 | 160620b xxu||||| |||| 00| 0 eng d | ||
| 040 | _cTest | ||
| 100 |
_9113 _aCreative _cThe Story of Moses: Bible Story |
||
| 245 |
_aThe Story of Moses _bBible Story |
||
| 260 |
_aCanada _b Creative _c2003 |
||
| 300 | _aThe Story of Moses: Bible Story | ||
| 942 |
_2ddc _cBK |
||
| 999 |
_c89 _d89 |
||